Los 15 Paises más Grandes del Mundo - Estadísticas

Estadísticas generales
  • Esta prueba ha sido intentada 180 veces
  • La puntuación promedio es 12 de 15
Respuestas en el mapa
Las respuestas están codificadas por una escala verde-roja en el mapa de la prueba según el % correcto abajo.
 
Estadísticas de respuestas
Respuesta % Correcto
17,098,242 km² Rusia
99%
8,515,767 km² Brasil
98%
9,596,961 km² China
98%
9,833,517 km² Estados Unidos
98%
9,984,670 km² Canada
97%
7,692,024 km² Australia
91%
3,287,263 km² India
90%
2,780,400 km² Argentina
89%
1,964,375 km² México
84%
2,724,900 km² Kazajistán
69%
2,381,741 km² Argelia
67%
2,149,690 km² Aràbia Saudita
65%
2,344,858 km² República Democrática del Congo
51%
1,861,484 km² Sudan
38%
1,904,569 km² Indonesia
33%
No se encontraron pruebas coincidentes
Distribución de puntuación
Porcentaje de gente con cada puntuación
Porcentaje por número respondido
Historial de tus puntuaciones
No has intentado esta prueba.